Záchranný výskum na Mostnej ulici v Nitre

Bibliographic Details
Main Author: Samuel, Marián (Author)
Format: Article
Language:Slovak
PhysicalDescription:Fotogr. a obr. na s. 202-335, mp. a tab. na s.14-23
ISBN:8088709733
ISSN:0231-925X
Subjects:

MARC

LEADER 00000nab a2200000 a 4500
001 vtls008419971
003 SK-MaSNL
005 20260304145730.0
008 250505c2004 xo |||||||ab 0|| b|slo
015 |a SNBRA2005/12  |2 snkbucl 
035 |a (uuid)4421a4ea-7aa5-4bce-9005-9f4a5fcda5c7 
035 |a urn:nbn:sk:snk-abwd0 
035 |a (urnnbn)urn:nbn:sk:snk:ar-a03ysq 
038 |a SNKBUCL 
040 |a SNKBUCL  |b slo  |c SNKBUCL  |e AACR2 
041 0 |a slo  |b ger 
044 |a xo  |c SK 
080 |a 902.2  |x (437.6)  |2 1997 
100 1 |a Samuel, Marián  |4 aut  |9 179511 
245 1 0 |a Záchranný výskum na Mostnej ulici v Nitre  |c Marián Samuel 
300 |b Fotogr. a obr. na s. 202-335, mp. a tab. na s.14-23 
504 |a Bibliogr. odkazy 
546 |a Res. nem. 
650 0 7 |a archeologické výskumy  |2 SNKPH  |9 74796 
651 7 |a Nitra (Slovensko)  |2 snkbucl  |9 15714 
651 7 |a Mostná ulica (Nitra, Slovensko)  |2 snkbucl  |9 79871 
651 7 |a Nitrička (Slovensko)  |2 snkbucl  |9 1468991 
773 0 |t Archeologické výskumy a nálezy na Slovensku v roku 2003  |d Nitra : Archeologický ústav Slovenskej akadémie vied, 2004  |g S. 163-165  |x 0231-925X  |z 8088709733 
850 |a Slovenská národná knižnica 
852 |a Slovenská národná knižnica 
954 |a odborná, vedecká literatúra pôvodná (slovenská)  |2 lita 
958 |a article2022 
958 |a NB 
958 |a OND 
958 |a EUIPO 
999 |c 2936627  |d 2938557